000 00454nam a2200193Ia 4500
005 20240823053442.0
008 240823s9999||||xx |||||||||||||| ||und||
020 _a978-81-88573-90-5
041 _aENGLISH
082 _A820.9 Q2
100 _aNitin Jadhao
245 0 _aIndian English Literature
250 _a1st
260 _c2012
_bChandralok Prak
500 _aYES
650 _aEnglish Literature
_bEnglish
942 _cBK
999 _c224186
_d224186